| 000 | 00709nam a2200265 a 4500 | ||
|---|---|---|---|
| 003 | AR-BaBNM | ||
| 005 | 20251128204148.0 | ||
| 008 | 082120s2002 ||||||||||||||000 | spa|| | ||
| 020 | _a950-25-2610-4 | ||
| 040 | _cAR-BaBNM | ||
| 100 | 1 | _aMartínez Estrada, Ezequiel | |
| 245 | 0 | 0 | _aAnálisis funcional de la cultura |
| 260 |
_aBuenos Aires _bCentro Editor de América Latina _c1992 |
||
| 300 | _a119 p. | ||
| 490 | 0 | _aBiblioteca básica Argentina. Serie A | |
| 650 | 4 | _aLITERATURA ARGENTINA | |
| 650 | 4 | _aSOCIOLOGIA CULTURAL | |
| 650 | 4 | _aENSAYO | |
| 650 | 4 | _aCULTURA | |
| 650 | 4 | _aCULTURALISMO | |
| 650 | 4 | _aCIVILIZACION | |
| 650 | 4 | _aPOLITICA CULTURAL | |
| 655 | _aLITERATURA | ||
| 942 | _cBK | ||
| 999 |
_c6427 _d6427 |
||